[Event "Campo Grande op 2nd"]
[Site "Campo Grande"]
[Date "2014.09.06"]
[Round "2"]
[White "Borges Batista de Souza, Maria Clara"]
[Black "Gazi Ribeiro, Gustavo Luis"]
[Result "0-1"]
[WhiteElo "1800"]
[BlackElo "1737"]
[PlyCount "34"]
[EventDate "2014.09.05"]
[EventType "swiss"]
[EventRounds "5"]
[EventCountry "BRA"]
[SourceTitle "CBM 162 Extra"]
[Source "ChessBase"]
[SourceDate "2014.10.17"]
[SourceVersion "1"]
[SourceVersionDate "2014.10.17"]
[SourceQuality "1"]

1. d4 f6 2. Nc3 e5 3. Be3 Nc6 4. Qd2 d5 5. 0-0-0 Bd6 6. Nf3 f5 7. dxe5 Nxe5 8. Nxe5 Bxe5 9. h4 Be6 10. Rh3 Nf6 11. Rf3 d4 12. h5 Nxh5 13. g3 Qe7 14. Bh3 dxc3 15. Qe1 cxb2+ 16. Kb1 Qf7 17. Rxf5 Bxa2# 0-1

[Event "Campo Grande op 2nd"]
[Site "Campo Grande"]
[Date "2014.09.06"]
[Round "3"]
[White "Viana Amorim, Mateus da Cunha"]
[Black "Borges Batista de Souza, Maria Clara"]
[Result "1-0"]
[WhiteElo "1800"]
[BlackElo "1800"]
[PlyCount "69"]
[EventDate "2014.09.05"]
[EventType "swiss"]
[EventRounds "5"]
[EventCountry "BRA"]
[SourceTitle "CBM 162 Extra"]
[Source "ChessBase"]
[SourceDate "2014.10.17"]
[SourceVersion "1"]
[SourceVersionDate "2014.10.17"]
[SourceQuality "1"]

1. e4 e5 2. Nf3 Nf6 3. Bb5 Bb4 4. Nc3 0-0 5. Na4 h6 6. 0-0 Nc6 7. Bc4 Nxe4 8. Nxe5 Nxe5 9. d3 Nc6 10. dxe4 a5 11. Nc3 Ne7 12. Ne2 Bd6 13. Ng3 a4 14. Nf5 Ra5 15. Nxh6+ Kh8 16. Nxf7+ Rxf7 17. Bxf7 Re5 18. Re1 Bb4 19. c3 Bc5 20. Bf4 Re6 21. Bxe6 dxe6 22. Re2 Qxd1+ 23. Rxd1 e5 24. Bxe5 Bd6 25. Bxd6 cxd6 26. Rxd6 Bg4 27. Re3 Nc6 28. b3 axb3 29. axb3 b6 30. Rxc6 Bd7 31. Rd6 b5 32. Rxd7 b4 33. cxb4 g6 34. Rc3 g5 35. Rc8# 1-0